=LDR 00000nam 2200000 4500 =001 INLIS000000000013295 =005 20140620110049.0 =006 =007 =008 Ind =035 ##$$0010-061300000013295 =041 ##$$a Ind =082 ##$$a 351 =090 ##$$a 351, Sya s =100 ##$$a Syafiie, H. Jun Kencana =245 ##$$a Sistem administrasi negara republik Indonesia (sanri), Drs.H. Jun Kencana Syafiie, M.Si =260 ##$$a 2003 $b Jakarta =300 ##$$a 172 hlm, 23 cm =650 ##$$a Administrasi negara =850 ##$$a NBPNMAT =990 ##$$a 21400613/BPAP-NTB/20142014 =990 ##$$a 21400613/BPAP-NTB/20142014 =990 ##$$a 21400613/BPAP-NTB/20142014 =990 ##$$a 0001/BPAP-NTB/20142014 =990 ##$$a 0001/BPAP-NTB/20142015 =990 ##$$a 0001/BPAP-NTB/2015